000 00294nam a2200109Ia 4500
008 200302s9999 xx 000 0 und d
100 _aSimon Polley
245 _aUnderstanding The Building Regulations - 3Rd Editi
260 _bTaylor And Francis Group, Canada
260 _c2005
300 _a280 P
999 _c4958
_d4958